|
|
|
|
| LEADER |
00000nab a2200000 ar4500 |
| 001 |
vtls008981925 |
| 003 |
SK-MaSNL |
| 005 |
20260303065156.0 |
| 008 |
070418c2007 xo |||||||||||000 b|slo |
| 015 |
|
|
|a SNBRB2007/04
|2 snkbucl
|
| 038 |
|
|
|a SNKBUCL
|
| 040 |
|
|
|a SNKBUCL
|b slo
|c SNKBUCL
|e AACR2
|
| 041 |
0 |
|
|a slo
|
| 044 |
|
|
|a xo
|c SK
|
| 080 |
|
|
|a 634.85
|2 1997
|
| 100 |
1 |
|
|a Korpás, András
|4 aut
|9 1064862
|
| 245 |
1 |
0 |
|a Hrozno bez semien?
|c András Korpás
|
| 300 |
|
|
|b Fotogr.
|
| 650 |
0 |
7 |
|a vinič hroznorodý
|2 snkbucl
|9 15944
|
| 650 |
0 |
7 |
|a odrody poľnohospodárskych plodín
|2 snkbucl
|9 29318
|
| 773 |
0 |
|
|t Záhradkár
|g Roč. XLIII, č. 2 (2007), s. 37-39
|x 0862-5565
|
| 852 |
|
|
|a SNK
|b KIS3GCP
|
| 999 |
|
|
|c 1750140
|d 1752070
|